MARC details
| 000 -LEADER |
| campo de control de longitud fija |
02031nas a2200541 i 4500 |
| 001 - NÚMERO DE CONTROL |
| campo de control |
196101 |
| 003 - IDENTIFICADOR DE NÚMERO DE CONTROL |
| campo de control |
ES-MaACL |
| 005 - FECHA Y HORA DE LA ÚLTIMA TRANSACCIÓN |
| campo de control |
20250217134945.0 |
| 007 - CAMPO FIJO DE DESCRIPCIÓN FÍSICA--INFORMACIÓN GENERAL |
| campo de control de longitud fija |
ta |
| 008 - DATOS DE LONGITUD FIJA--INFORMACIÓN GENERAL |
| campo de control de longitud fija |
240812c20189999sp mr p 0 b0cat |
| 010 ## - NÚMERO DE CONTROL DE LA BIBLIOTECA DEL CONGRESO |
| Número de control de LC |
n |
| Número de control de NUCMC |
0 |
| 015 ## - NÚMERO DE BIBLIOGRAFÍA NACIONAL |
| Número de bibliografía nacional |
REV1901 |
| 017 ## - NÚMERO DE COPYRIGHT O DE DEPÓSITO LEGAL |
| Número de copyright o de depósito legal |
B 26358-2018 |
| Agencia que asigna |
Oficina Depósito Legal Barcelona |
| 022 0# - NÚMERO INTERNACIONAL NORMALIZADO PARA PUBLICACIONES SERIADAS |
| Número Internacional Normalizado para Publicaciones Seriadas |
2604-6113 |
| Fuente |
_u |
| 035 ## - NÚMERO DE CONTROL DEL SISTEMA |
| Número de control de sistema |
(OCoLC)1091705669 |
| 035 ## - NÚMERO DE CONTROL DEL SISTEMA |
| Número de control de sistema |
(SpMaBN)a6441579 |
| 035 ## - NÚMERO DE CONTROL DEL SISTEMA |
| Número de control de sistema |
991019592819708606 |
| 037 ## - FUENTE DE ADQUISICIÓN |
| Fuente del número de adquisición |
Roger de Llúria, 115, 1-2, 28037; c.e.: informacio@politicaprosa.com, p. web: www.politicaprosa.com |
| 040 ## - FUENTE DE CATALOGACIÓN |
| Centro catalogador/agencia de origen |
SpMaBN |
| Lengua de catalogación |
spa |
| Centro/agencia transcriptor |
SpMaBN |
| Normas de descripción |
rdc |
| Centro/agencia modificador |
ES-MaACL |
| 080 ## - NÚMERO DE LA CLASIFICACIÓN DECIMAL UNIVERSAL |
| Número de la Clasificación Decimal Universal |
325.8(460.23) |
| 080 ## - NÚMERO DE LA CLASIFICACIÓN DECIMAL UNIVERSAL |
| Número de la Clasificación Decimal Universal |
32(460.23)"20" |
| 210 0# - TÍTULO ABREVIADO |
| Título abreviado |
Polít. prosa |
| 222 #0 - TÍTULO CLAVE |
| Título clave |
Política & prosa |
| 245 00 - MENCIÓN DEL TÍTULO |
| Título |
Política & prosa |
| 246 3# - FORMA VARIANTE DEL TITULO |
| Título propio/Titulo breve |
Política i prosa |
| 246 3# - FORMA VARIANTE DEL TITULO |
| Título propio/Titulo breve |
Política&prosa |
| 260 ## - PUBLICACIÓN, DISTRIBUCIÓN, ETC. |
| Lugar de publicación, distribución, etc. |
Barcelona : |
| Nombre del editor, distribuidor, etc. |
Política & Prosa, |
| Fecha de publicación, distribución, etc. |
D.L. 2018- |
| 300 ## - DESCRIPCIÓN FÍSICA |
| Extensión |
v. ; |
| Dimensiones |
24 cm |
| 310 ## - PERIODICIDAD ACTUAL |
| Periodicidad actual |
Mensual |
| 336 ## - TIPO DE CONTENIDO |
| Término de tipo de contenido |
Texto (visual) |
| Fuente |
isbdcontent |
| 337 ## - TIPO DE MEDIO |
| Nombre/término del tipo de medio |
sin mediación |
| Fuente |
isbdmedia |
| 338 ## - TIPO DE SOPORTE |
| Fuente |
rdacarrier |
| Nombre/término del tipo de soporte |
volumen |
| 362 0# - FECHAS DE PUBLICACIÓN Y/O DESIGNACIÓN SECUENCIAL |
| Fecha de publicación y/o designación secuencial |
Núm. 1 (nov. 2018)- |
| 515 ## - NOTA DE PECULIARIDADES DE LA NUMERACIÓN |
| Nota de peculiaridades de la numeración |
Los números 0 y 00 únicamente en soporte electrónico |
| 515 ## - NOTA DE PECULIARIDADES DE LA NUMERACIÓN |
| Nota de peculiaridades de la numeración |
Mantiene la numeración de la edición en línea |
| 588 ## - NOTA DE FUENTE DE LA DESCRIPCIÓN |
| Nota de fuente de la descripción |
Descripción basada en: n. 52 (feb. 2023) |
| 594 ## - Nota al título y mención de responsabilidad |
| Nota al título y mención de responsabilidad |
Título tomado de la cubierta |
| 650 #0 - PUNTO DE ACCESO ADICIONAL DE MATERIA--TÉRMINO DE MATERIA |
| Término de materia o nombre geográfico como elemento de entrada |
Movimientos independentistas- |
| Subdivisión geográfica |
Cataluña |
| Fuente del encabezamiento o término |
embne |
| 9 (RLIN) |
176488 |
| 651 #7 - PUNTO DE ACCESO ADICIONAL DE MATERIA--NOMBRE GEOGRÁFICO |
| Nombre geográfico |
Cataluña |
| Subdivisión general |
Política y gobierno |
| Subdivisión cronológica |
S.XXI |
| Fuente del encabezamiento o término |
embne |
| 9 (RLIN) |
238254 |
| 655 #7 - TERMINO DE INDIZACIÓN--GENERO/FORMA |
| 9 (RLIN) |
226866 |
| Datos o término principal de género/forma |
Revistas |
| 776 08 - ENTRADA DE FORMULARIO FÍSICO ADICIONAL |
| Información de relación |
Versión en línea |
| Título |
Política & prosa (Internet) = |
| Número Internacional Normalizado para Publicaciones Seriadas |
ISSN 2604-708X |
| biblionumber |
196102 |
| Número de control del registro |
196102 |
| 852 ## - LOCALIZACIÓN |
| Ubicación |
ES-MaACL |
| Ubicación en estantería |
Hemeroteca |
| Número de control de estantería |
HEM-1924 |
| Donativo/Legado
|
Donación: Editorial |
| Nota libre |
Revista Viva |
| -- |
Casillero actual: Cº 37 |
| itemnumber |
196101 |
| 856 4# - LOCALIZACIÓN Y ACCESO ELECTRÓNICOS |
| Identificador Uniforme de Recursos |
<a href="https://dialnet.unirioja.es/servlet/revista?codigo=26445">https://dialnet.unirioja.es/servlet/revista?codigo=26445</a> |
| Nota pública |
Sumarios de la revista en Dialnet |
| 866 ## - MENCIÓN TEXTUAL DE FONDOS--UNIDAD BIBLIOGRÁFICA BÁSICA |
| Fondos |
2023- |
| 942 ## - ELEMENTOS DE ENTRADA SECUNDARIOS (KOHA) |
| Fuente del sistema de clasificación o colocación |
Clasificación decimal universal |
| Suprimir en OPAC |
No |
| Tipo de ítem Koha |
Revista |
| 955 ## - CATALOGADOR - EDICIÓN |
| Nombre de catalogador |
Orex Digital |